| 000 | 00523nam a2200217Ia 4500 | ||
|---|---|---|---|
| 008 | 170918s9999 xx 000 0 und d | ||
| 020 | _a9780545307444 | ||
| 050 | _bS857cr 2010 | ||
| 100 | _aStilton, Geronimo | ||
| 245 | _aGhost pirate treasure / | ||
| 245 | _cby Geronimo Stilton. | ||
| 260 | _aNew York : | ||
| 260 | _bScholastic, | ||
| 260 | _c2010 | ||
| 300 | _a110 pages : | ||
| 300 | _bcolor illustrations ; | ||
| 300 | _c19cm. | ||
| 300 | _eCreepella von cacklefur ; | ||
| 440 | _a3 | ||
| 500 | _a580 | ||
| 999 |
_c343699 _d343699 |
||